A Statistical reflection of the Islamic Republic of Iran / (Record no. 55998)
[ view plain ]
| 000 -LEADER | |
|---|---|
| fixed length control field | 00871nam a2200253 a 4500 |
| 001 - CONTROL NUMBER | |
| control field | 55998 |
| 003 - CONTROL NUMBER IDENTIFIER | |
| rucl marc code | BD-RjUL |
| 005 - DATE AND TIME OF LATEST TRANSACTION | |
| control field | 20211209080336.0 |
| 008 - FIXED-LENGTH DATA ELEMENTS--GENERAL INFORMATION | |
| fixed length control field | 161124s1985 enk x b f0 0eng c |
| 035 ## - SYSTEM CONTROL NUMBER | |
| System control number | (BD-RjUL)56122 |
| 040 ## - CATALOGING SOURCE | |
| Original cataloging agency | VPI |
| Language of cataloging | eng |
| Transcribing agency | VPI |
| Modifying agency | OCL |
| -- | BD-RjUL |
| 041 1# - LANGUAGE CODE | |
| Language code of text/sound track or separate title | eng |
| Language code of original | per |
| 082 ## - DEWEY DECIMAL CLASSIFICATION NUMBER | |
| Edition number | 23 |
| Classification number | 519.50955 |
| Author mark and year | IRS 1985 |
| 100 ## - MAIN ENTRY--PERSONAL NAME | |
| Personal name | Īrān, Markaz-i Āmār-i |
| 9 (RLIN) | 166692 |
| 245 12 - TITLE STATEMENT | |
| Title | A Statistical reflection of the Islamic Republic of Iran / |
| Statement of responsibility, etc. | Markaz-i Āmār-i Īrān. |
| 246 13 - VARYING FORM OF TITLE | |
| Title proper/short title | Statistical reflection of Iran |
| 260 ## - PUBLICATION, DISTRIBUTION, ETC. (IMPRINT) | |
| Place of publication, distribution, etc. | Tehran, Iran : |
| Name of publisher, distributor, etc. | [Islamic Republic of Iran, Plan & Budget Organization, Statistical Centre of Iran], |
| Date of publication, distribution, etc. | 1985 |
| 300 ## - PHYSICAL DESCRIPTION | |
| Pagination | 230 p. : |
| Illustrations | ill. ; |
| Size | 19 cm. |
| 650 ## - SUBJECT ADDED ENTRY--TOPICAL TERM | |
| Topical term or geographic name as entry element | statistical reeflection |
| Geographic subdivision | Iran |
| 9 (RLIN) | 166945 |
| 830 #0 - SERIES ADDED ENTRY--UNIFORM TITLE | |
| Uniform title | CIS national statistical compendiums. |
| 942 ## - ADDED ENTRY ELEMENTS (KOHA) | |
| Source of classification or shelving scheme | Dewey Decimal Classification |
| Koha item type | Books |
| Lost status | Source of classification or shelving scheme | Damaged status | Not for loan | Collection code | Permanent Location | Current Location | Shelving location | Date acquired | Source of acquisition | Total Checkouts | Full call number | Date last seen | Copy number | Koha item type | Cost, normal purchase price |
|---|---|---|---|---|---|---|---|---|---|---|---|---|---|---|---|
| Dewey Decimal Classification | Non-fiction | Central Library, University of Rajshahi | Central Library, University of Rajshahi | 13/09/1986 | Embesy of dram. | 519.50955 IRS 1985 | 24/11/2016 | C-2 | Books | ||||||
| Dewey Decimal Classification | Not For Loan | Non-fiction | Central Library, University of Rajshahi | Central Library, University of Rajshahi | Reading Room | 06/08/1986 | gift | 519.50955 IRS 1985 | 29/03/2017 | C-1 | Books | 0.00 |